Archaeology and text : (Record no. 33559)

MARC details
000 -LEADER
fixed length control field 01534cam a22003015a 4500
005 - DATE AND TIME OF LATEST TRANSACTION
control field 20091228021628.0
008 - FIXED-LENGTH DATA ELEMENTS--GENERAL INFORMATION
fixed length control field 091222s2010 ii a b 100 0 eng
010 ## - LCCN (DPL NO)
LC control number ENG-95803
020 ## - INTERNATIONAL STANDARD BOOK NUMBER
International Standard Book Number 9780198060963
Terms of availability 795.00
020 ## - INTERNATIONAL STANDARD BOOK NUMBER
International Standard Book Number 0198060963
Terms of availability 795.00
035 ## - SYSTEM CONTROL NUMBER
System control number EN-79336
037 ## - SOURCE OF ACQUISITION
Source of stock number/acquisition DBAD/PUB
040 ## - CATALOGING SOURCE
Original cataloging agency DPL
245 ## - TITLE STATEMENT
Title Archaeology and text :
Remainder of title the temple in South Asia /
Statement of responsibility, etc edited by Himanshu Prabha Ray.
246 ## - VARYING FORM OF TITLE
Title proper/short title Temple in South Asia
260 ## - PUBLICATION, DISTRIBUTION, ETC. (IMPRINT)
Place of publication, distribution, etc New Delhi :
Name of publisher, distributor, etc Oxford University Press,
Date of publication, distribution, etc 2010.
300 ## - PHYSICAL DESCRIPTION
Extent xvi, 311 p. :
Other physical details ill. ;
Dimensions 23 cm.(Hb)
500 ## - GENERAL NOTE
General note Includes bibliographical references.
520 ## - SUMMARY, ETC.
Summary, etc Contributed articles presented at the Shivdasani Conference 2007, Archaeology and Text: the Temple in South Asia held at Danson Room, Trinity College, Oxford University, 201-21 October, 2007 on socio-cultural aspects of Hindu temples, its architecture and sacred spaces per se predominantly studied in context of Indian temples moderated by Oxford Centre for Hindu Studies.
650 ## - SUBJECT ADDED ENTRY--TOPICAL TERM
Topical term or geographic name as entry element Hindu temples
General subdivision Social aspects
Geographic subdivision India
Form subdivision Congresses.
650 ## - SUBJECT ADDED ENTRY--TOPICAL TERM
Topical term or geographic name as entry element Hindu architecture
General subdivision Social aspects
Geographic subdivision India
Form subdivision Congresses.
650 ## - SUBJECT ADDED ENTRY--TOPICAL TERM
Topical term or geographic name as entry element Sacred space
Geographic subdivision India
Form subdivision Congresses.
700 ## - ADDED ENTRY--PERSONAL NAME
Personal name Ray, Himanshu Prabha.
710 ## - ADDED ENTRY--CORPORATE NAME
Corporate name or jurisdiction name as entry element Oxford Centre for Hindu Studies.
942 ## - ADDED ENTRY ELEMENTS (KOHA)
Source of classification or shelving scheme Dewey Decimal Classification
Item type English Books
Call number suffix ARC
Holdings
Withdrawn status Lost status Source of classification or shelving scheme Damaged status Not for loan Collection code Home library Current library Date acquired Source of acquisition Cost, normal purchase price Total Checkouts Full call number Barcode Date last seen Copy number Cost, replacement price Koha item type
    Dewey Decimal Classification   Not For Loan Non-fiction D.B.Act.Division D.B.Act.Division 01/01/2010 DBAD/PUB 795.00   ARC EN-79336 09/01/2010 1 795.00 English Books

© Delhi Public Library
Hit Counter
free hit counter